| 000 | 01596nam0a2200361 4500 | ||
|---|---|---|---|
| 001 | RU\NLR\bibl\1942805 | ||
| 005 | 20260406070848.0 | ||
| 010 |
_a978-5-903140-59-6 _9500 |
||
| 021 |
_aRU _b2012-60862 _94456 |
||
| 035 | _a(nilc)EL/0000304130 | ||
| 035 | _a(NLR Aleph) 001932067 | ||
| 090 |
_a3449394 _c3449394 |
||
| 100 | _a20091115d2009 |||y0rusy50 ca | ||
| 101 | 0 | _arus | |
| 102 | _aRU | ||
| 105 | _aa ||||||||| | ||
| 200 | 1 |
_aЧесть имею _fР. Н. Заппаров |
|
| 210 |
_aИжевск _cБон Анца _d2009 |
||
| 215 |
_a159 с. _cил., цв. ил., портр. _d20 |
||
| 300 | _aНа с. 3 авт.: полк. в отставке, Засл. работник МВД СССР и правоохран. органов Удмуртии Р.Н. Заппаров | ||
| 300 | _aК 75-летию Р.Н. Заппарова | ||
| 320 | _aБиблиогр. основ. произведений авт.: с. 156-157 (23 назв.) | ||
| 606 | 1 |
_aОрганы внутренних дел _jВоспоминания, записки и т.п. _yУдмуртская Республика _92259594 _3RU\NLR\auth\661354939 |
|
| 686 | _aХ621.163.01 | ||
| 686 | _aШ6(2=У)7-4{Лх-удм.550-45} | ||
| 700 | 1 |
_4070 _8rus _7ca _aЗаппаров _bР. Н. _f1934-2020 _gРастем Нургаянович _3RU\NLR\AUTH\7716040 _9125684 |
|
| 801 | 0 |
_aRU _bНБР Удмуртия _c20091115 _grcr |
|
| 801 | 1 |
_aRU _bНБР Удмуртия _c20091115 _2rusmarc |
|
| 801 | 2 |
_aRU _bNLR _c20120907 _grcr |
|
| 942 | _cBOOK | ||
| 980 | _aNB | ||